| 000 | 02179cam a22005294i 4500 | ||
|---|---|---|---|
| 003 | PE-LiUPU | ||
| 005 | 20250731180149.0 | ||
| 008 | 150706s r 000 0 d | ||
| 035 | _a(Sirsi) a52124 | ||
| 040 |
_aPE-LiUPU _bspa _cPE-LiUPU _erda |
||
| 049 | _aPRUA | ||
| 082 | 0 | 4 |
_a529.5 _bV62 _221 |
| 100 | 1 |
_aVieira, Ruy Carlos de Camargo, _eautor. |
|
| 245 | 1 | 2 |
_aA mudança dos tempos e da lei / _cRuy Carlos De Camargo Vieira. |
| 264 | 1 |
_aBrasília : _b[R. Vieira], _c[1996]. |
|
| 300 |
_a45 páginas : _bilustraciones a color ; _c22 cm. |
||
| 336 |
_atext _2rdacontent |
||
| 337 |
_aunmediated _2rdamedia |
||
| 338 |
_avolume _2rdacarrier |
||
| 490 | 0 | _aColección de libros Centenario | |
| 505 | 0 | _aAlguns aspectos científicos da contagem do tempo a su as implicações históricas -- Os ciclos astronõmicos -- As festividades religiosas e os calendários -- Alterações do calendário na história da igreja Cristã -- A substituição do sábado -- A Era Cristã e o natal -- A páscoa e o calendário Gregoriano -- Alguns outros fatos históricos no contexto da mudança dos tempos e da lei -- A circunavegação do globo e o dia perdido -- A Linha internacional de mudança de data, -Uma hipótese ilustrativa. | |
| 526 | _aSEG44 | ||
| 526 | _aSEG26 | ||
| 526 | _aP159 | ||
| 526 | _aP155 | ||
| 526 | _aP154 | ||
| 526 | _aP153 | ||
| 526 | _aP150 | ||
| 526 | _aP100 | ||
| 526 | _aP31 | ||
| 526 | _aP30 | ||
| 526 | _aP26 | ||
| 526 | _aP25 | ||
| 526 | _aP24 | ||
| 526 | _aP22 | ||
| 526 | _aP15 | ||
| 526 | _aP10 | ||
| 650 | 1 | 4 |
_aCalendarios _xHistoria. |
| 650 | 2 | 4 |
_aCalendarios _xAspectos religiosos. |
| 910 |
_clch _d20130507 |
||
| 942 |
_2ddc _cBOOK |
||
| 949 |
_a529.5 V62 _wDEWEY _c1 _i67017 _lCCODEBUL1 _mBUL _p08.00 _r0 _sY _tLIBRO _u2015-07-06 _xBIBLIOTECA _zUNKNOWN _o.STAFF. Colección General |
||
| 994 |
_aC0 _bPEPRU |
||
| 596 | _a1 | ||
| 999 |
_a529.5 V62 _wDEWEY _c54722 _i67017 _f2021-11-5 _g5 _lCCODEBUL1 _mBUL _p8.00 _r0 _sN _tBOOK _u2015-7-6 _xBIBLIOTECA _zUNKNOWN _0COMPRA _o.STAFF. Colección General _d54722 |
||
| 980 |
_81 _gALBERTO SANCHEZ Responsable de Automatización |
||